<?xml version="1.0" encoding="UTF-8"?>
<collection xmlns="http://www.loc.gov/MARC21/slim">
 <record>
  <leader>02024nas a22002051  4500</leader>
  <controlfield tag="001">1/50770</controlfield>
  <controlfield tag="008">930920s19--9999gr znzp       0   g0gre d</controlfield>
  <datafield tag="035" ind1=" " ind2=" ">
   <subfield code="l">2987</subfield>
  </datafield>
  <datafield tag="090" ind1=" " ind2=" ">
   <subfield code="a">Αλφαβητική σειρά</subfield>
  </datafield>
  <datafield tag="245" ind1="0" ind2="0">
   <subfield code="a">Κατανομή της εκτάσεως της Ελλάδος κατά βασικές κατηγορίες χρήσεως :</subfield>
   <subfield code="b">(Προαπογραφικά στοιχεία της Απογραφής Γεωργίας-Κτηνοτροφίας του έτους 1981). Πίνακες κατά δήμο και κοινότητα, επαρχία, νομό, διαμέρισμα και σύνολο Χώρας, με διάκριση περινών, ημιορεινών και ορεινών κοινοτήτων και δήμων= Distribution fo the country's area by basic categories of land use (Pre-census data of the Agriculture-Livestock Census of the year 1981). Tables by municipality and commune, eparchy, department, region and for the whole Country. Distinction into level, semi-mountainous and mountainous communes and municipalities</subfield>
  </datafield>
  <datafield tag="260" ind1=" " ind2=" ">
   <subfield code="a">Αθήνα :</subfield>
   <subfield code="b">Εθνική Στατιστική Υπηρεσία της Ελλάδος,</subfield>
   <subfield code="c">[19--]-</subfield>
  </datafield>
  <datafield tag="300" ind1=" " ind2=" ">
   <subfield code="a">τ. :</subfield>
   <subfield code="b">εικ.;</subfield>
   <subfield code="c">30 εκ.</subfield>
  </datafield>
  <datafield tag="310" ind1=" " ind2=" ">
   <subfield code="a">Δεκαετές</subfield>
  </datafield>
  <datafield tag="546" ind1=" " ind2=" ">
   <subfield code="a">Ελληνική</subfield>
  </datafield>
  <datafield tag="650" ind1=" " ind2="4">
   <subfield code="a">Γεωργία</subfield>
   <subfield code="x">Οικονομικές απόψεις</subfield>
   <subfield code="z">Ελλάδα</subfield>
   <subfield code="v">Περιοδικά.</subfield>
  </datafield>
  <datafield tag="780" ind1="0" ind2="0">
   <subfield code="a">Συνεχίζει το &quot;Κατανομή της εκτάσεως της χώρας κατά βασικάς κατηγορίες χρήσεως αυτής&quot;</subfield>
  </datafield>
  <datafield tag="785" ind1="1" ind2="0">
   <subfield code="a">Συνεχίζεται από το &quot;Κατανομή της εκτάσεως της Ελλάδος κατά βασικές κατηγορίες χρήσεως&quot;</subfield>
  </datafield>
  <datafield tag="856" ind1="4" ind2="1">
   <subfield code="u">http://dlib.statistics.gr/portal/page/portal/ESYE/categoryyears?p_cat=10007957&amp;p_topic=10007957</subfield>
  </datafield>
  <datafield tag="950" ind1=" " ind2=" ">
   <subfield code="c">ΔΩΡΕΑ ΠΕΡΙΟΔΙΚΩΝ</subfield>
   <subfield code="d">854</subfield>
  </datafield>
  <datafield tag="951" ind1=" " ind2=" ">
   <subfield code="a">(1962) - (1991)</subfield>
   <subfield code="b">Main run</subfield>
  </datafield>
 </record>
</collection>
